Normal view
MARC view
- Amjad, Osama
Entry Personal Name
001 - CONTROL NUMBER
- control field: 130497
003 - CONTROL NUMBER IDENTIFIER
- control field: NUST
005 - DATE AND TIME OF LATEST TRANSACTION
- control field: 20250919162515.0
008 - FIXED-LENGTH DATA ELEMENTS
- fixed length control field: 250919|| aca||aabn | a|a d
040 ## - CATALOGING SOURCE
- Original cataloging agency: NUST
- Transcribing agency: NUST
100 ## - HEADING--PERSONAL NAME
- Personal name: Amjad, Osama
670 ## - SOURCE DATA FOUND
- Source citation: Work cat.: (NUST): Amjad, Osama, Active Navigation using Deep Reinforcement Learning/
